000 00600nam a22001937a 4500
003 OSt
020 _a0521215048
082 _a598.25
_bPIN/GR
245 _aGranivorous birds in ecosystems:
_btheir evolution, populations, energetics, adaptations, impact and control
260 _aLondon
_bCambridge university press
_c1977
300 _a431p.
440 _aInternational Biological Programme
_vV.12
546 _aEnglish
650 _aVariation and evolution in a granivorous bird
650 _aAvian energetics
700 _aPinowski, Jan
700 _aKendiegh, S Charles
942 _2ddc
_cBK
999 _c162550
_d162550